Born in Memphis - Statistics

General Stats
  • This quiz has been taken 38 times
    26 since last reset
  • The average score is 9 of 23
Answer Stats
Hint Answer % Correct
Singer, actor and former member of NSYNC, "Can't Stop the Feeling" "SexyBack" "Cry Me a River" "Mirrors" 1981 Justin Timberlake
80%
Singer, daughter of Elvis and ex-wife of Michael Jackson and Nicolas Cage 1968 Lisa Marie Presley
80%
Actor, "The Shawshank Redemption" "Se7en" "Invictus" "The Dark Knight" trilogy 1937 Morgan Freeman
80%
Singer, "Respect" "(You Make Me Feel Like) A Natural Woman", referred to as "Queen of Soul" 1942 Aretha Franklin
70%
Head Coach of the Memphis Tigers men's basketball team and former NBA player for the Orlando Magic, Phoenix Suns and New York Knicks 1971 Penny Hardaway
70%
Actress, "Misery" "The Waterboy" "Titanic" "Richard Jewell" 1948 Kathy Bates
50%
Former offensive tackle who won the Super Bowl with the Baltimore Ravens, known for being the subject of "The Blind Side" 1986 Michael Oher
50%
Actress, "Taxi Driver" "The Last Picture Show" "The Heartbreak Kid" 1950 Cybill Shepherd
40%
Creator of "Victorious" "Drake & Josh" "iCarly" 1966 Dan Schneider
40%
Well known Prohibition era gangster, who kidnapped oil tycoon Charles F. Urschel 1895 Machine Gun Kelly
40%
Actress, "Beverly Hills, 90210" "Little House on the Prairie" "Charmed" 1971 Shannen Doherty
40%
Rapper, "Dark Horse" "Stay Fly" 1975 Juicy J
30%
Lead singer of Earth, Wind & Fire 1941 Maurice White
30%
Justice of the Supreme Court from 1965 to 1969 1910 Abe Fortas
20%
Musician and frontman of "Booker T. & the M.G.'s" 1944 Booker T. Jones
20%
Actress, "Big Love" "Once Upon a Time" "Zootopia" 1978 Ginnifer Goodwin
20%
Comedian and actress, "Saturday Night Live" "Ghostbusters"(2016) 1967 Leslie Jones
20%
Shooting guard who plays for the Atlanta Hawks and three time NBA Sixth Man of the Year 1986 Lou Williams
20%
Actress, known for her role as Aria Montgomery in "Pretty Little Liars" 1989 Lucy Hale
20%
Head Coach of the Atlanta Falcons from 2021 to 2023 1982 Arthur Smith
10%
Running back who played for the Arizona Cardinals and Houston Texans 1991 David Johnson
10%
Running back who plays for the Dallas Cowboys 1997 Tony Pollard
10%
Actor, "Blade Runner" "True Blood" "Deadwood" 1944 William Sanderson
10%
No matching quizzes found
Score Distribution
Percent of People with Each Score
Percentile by Number Answered
Your Score History
You have not taken this quiz since the last reset